Responses for Show #8818 - Wednesday, March 1, 2023

2023 High School Reunion Tournament quarterfinal game 8.

Contestants

[<< previous game]

Eesha Sohail, a UCLA graduate from Bakersfield, California

Dan Oxman, a senior at the University of Maryland from South Orange, New Jersey

Tim Cho, a senior at Columbia University from Champaign, Illinois

[next game >>]

Jeopardy! Round responses

I'M SORRY, THERE'S MORE MATH
ART SUPPLIES
ONOMATOPOEIA
RECENT MOVIES
CARPE DIEM
(Mayim: Each response includes the day we're seizing.)
UNIONS
    $200 22
least common multiple

Tim
    $200 7
a palette

Dan
    $200 27
a ding dong

Dan
    $200 28
Whitney Houston

Tim
    $200 29
[Tim said both names.]

SNL (Saturday Night Live)

Tim
    $200 30
the White House

Tim
    $400 15
matrix

Tim
    $400 1
[Eesha selected the first clue.]

a potter's wheel

Eesha
    $400 26
a ping

Dan
    $400 23
kung fu

Tim
    $400 25
Friday

Tim
    $400 24
Coretta Scott King

Tim
    $600 12
a sphere

Tim
    $600 2
acrylic

Tim
    $600 8
the Swoosh

Tim
    $600 19
(Daniel) Craig

Tim
    $600 13
Monday

Triple Stumper
    $600 20
Louis XVI

Eesha
    $800 11
a radian

Dan
    $800 5
a stencil

Dan
    $800 21
flip & flop

Triple Stumper
    $800 18
Crazy Rich Asians

Tim
    $800 10
(Tim: What is Sunday at the Park with George?)

Sunday in the Park with George

Tim
Triple Stumper
    $800 17
Percy Shelley

Tim
    $1000 3
the range

Tim
    $1000 6
washi tape

Eesha
    $1000 16
a clatter

Triple Stumper
    $1000 4
Puss in Boots

Eesha
    $1000 9
Thursday

Tim
    $3,000 14
Pierre & Marie Curie

Tim

Scores at the first commercial break (after clue 14):

Tim Dan Eesha
$6,000 $1,800 $2,400

Scores at the end of the Jeopardy! Round:

Tim Dan Eesha
$10,600 $2,400 $3,000

Double Jeopardy! Round responses

BRIDGES
GIVE THAT BOOK A PRIZE!
POP MUSICIANS
ENERGY GLOSSARY
MIDDLE "RTH"
(Mayim: Those three letters are the exact middle of each response.)
RE: UNION
    $400 30
Baltimore

Tim
    $400 28
Terabithia

Eesha
    $400 12
church

Eesha
    $400 14
fossil fuels

Tim
    $400 24
further

Tim
    $400 29
the Soviet Union

Tim
    $800 22
the East River

Dan
    $800 16
Jumanji

Triple Stumper
    $800 5
Lewis Capaldi

Eesha
    $800 10
fracturing

Eesha
    $800 21
ortho-

Eesha
    $800 27
(Bernie) Sanders

Tim
    $1200 1
Sydney

Tim
    $1200 8
Asimov

Dan
    $1200 6
Fleetwood Mac

Tim
    $1200 3
(Tim: What is work?)

efficiency

TimDan
    $1200 19
overthrow

Dan
    $3,000 17
(Tim: Mmm... what's the... UAW?)

the Teamsters

Tim
    $1600 2
Pont Neuf

Triple Stumper
    $1600 7
Rabbit

Tim
    $1600 9
Janelle MonĂ¡e

Eesha
    $1600 4
radiation

Eesha
    $1600 18
apartheid

Tim
    $1600 26
(Dan: What is the Amateur Athletics Union?)

the Amateur Athletic Union

TimDan
    $3,500 23
(Dan: What is... [Sighs] the Bridge of Destiny?--I don't know.)
(Mayim: No, what is [*]?--which you were doing as you were thinking of it, and I thought you were gonna get it.)
[Laughter]

the Bridge of Sighs

Dan
    $2000 15
(Saul) Bellow

Tim
    $2000 11
Meek Mill

Triple Stumper
    $2000 13
(Dan: What's fluorine?)

mercury

Dan
Triple Stumper
    $2000 20
McCarthyism

Dan
    $2000 25
Utah

Tim

Scores at the end of the Double Jeopardy! Round:

Tim Dan Eesha
$20,000 $1,700 $9,400
(lock game)

[wagering suggestions for these scores]

Final Jeopardy! Round responses

LAWS IN U.S. HISTORY
(Mayim: [To Eesha] That Radical Republican was Senator Charles Sumner of Massachusetts; he died before its passage, but [*] of 1964 is still the law of the land.)
DanWhat is
$38
EeshaWhat is the Civil Rights Act? love u lil bro!
$1,117
TimWhat is the Voting Civil Rights Act?
$0
the Civil Rights Act

Final scores:

Tim Dan Eesha
$20,000 $1,662 $10,517
Winner: semifinalist 3rd place: $5,000 2nd place: $5,000

Game dynamics:

Coryat scores:

Tim Dan Eesha
$21,000 $5,200 $9,400
29 R
(including 1 DD),
3 W
(including 1 DD)
10 R,
3 W
(including 1 DD)
11 R,
0 W

Combined Coryat: $35,600

[game clues] [game scores] [suggest correction]

Game tape date: 2023-01-30
The J! Archive is created by fans, for fans. Scraping, republication, monetization, and malicious use prohibited; this site may use cookies and collect identifying information. See terms. The Jeopardy! game show and all elements thereof, including but not limited to copyright and trademark thereto, are the property of Jeopardy Productions, Inc. and are protected under law. This website is not affiliated with, sponsored by, or operated by Jeopardy Productions, Inc. Join the discussion at JBoard.tv.